Дело о заимообразном отпуске из еврейского училищного капитала 4400 рублей на содержание еврейских училищ Могилевской губернии и...

Доступно только в Электронных читальных залах Найти на картеНа карте
RUSMARC
00003636nmc2a2200000 x 450
00110e51859-2f8f-4537-8c4b-ca945fd7ec9d
00520160706111243.0
100##$a20150810l18571870k l0rusy0189 ca
1010#$arus
102##$aRU
2001#$aДело о заимообразном отпуске из еврейского училищного капитала 4400 рублей на содержание еврейских училищ Могилевской губернии и 2 тысяч рублей на содержание еврейских училищ Витебской дирекции
$j24 марта 1857 г. - 5 ноября 1870 г.
251##$cДело
300##$aДело
801#0$aRU
$bРГИА
$c20150810
$gRCR
801#1$aRU
$bГлавНИВЦ
$c20150810
$2rusmarc
801#2$aRU
$bПБ им. Б.Н. Ельцина
$c20160706
$gRCR
$2rusmarc
850##$aРГИА
852##$aРГИА
$eФедеральное казенное учреждение "Российский государственный исторический архив" (РГИА)
$j250
937##$hРГИА
$d12085941
$aASBIBLIO_SCAN
462#0$10012b27dfda-2c9d-44cf-86d6-db2e6106e749
$12001
$aДела по еврейским казенным училищам за 1856-1862 гг.
$1251
$cОпись
$1852
$j98
461#0$1001a74412a3-3cc5-4d21-8f0a-dfe2fbd9e72d
$12001
$aДепартамент народного просвещения Министерства народного просвещения
$1251
$cФонд
$1852
$j733
215##$a72 л.
$d36,5x26 см
371##$aДокумент не является опубликованным и широко распространяемым
105##$aу###
1222#$ad
035##$a10e51859-2f8f-4537-8c4b-ca945fd7ec9d
Формат отображения